Представление документа в формате MARC21

Поле Инд. ПП Название Значение
Тип записи a
Библиографический уровень m
001 Контрольный номер 941951c6f3ad4e17b6caf50ab29da3ec
005 Дата корректировки 20260601111434.8
020 a ISBN 978-5-394-06265-0
080 a Индекс УДК 339.13(075.8)
091 a Индекс ББК (DOS) У422я7
097 b Оператор *Ж*
097 b Оператор *Ир*
100 1_ a Автор Депутатова Е.Ю.
245 10 a Заглавие Изучение покупательского поведения в розничной торговле
b Продолж. заглавия учебное пособие для вузов
b Продолж. заглавия в составе учебно-методического комплекса
250 a Основные сведения об издании 3-е изд.
260 a Место издания Москва
b Издательство Дашков и К
c Дата издания 2025
300 a Объем 170 с.
b Иллюстрации/ тип воспроизводства схем., табл.
440 _0 a Серия УМК-У
516 8_ a Прим. о типе комп. файла/ данных Текст : электронный
a Прим. о типе комп. файла/ данных Режим доступа: по подписке
a Прим. о типе комп. файла/ данных Дата обращения: 02.03.2026
520 0_ a Аннотация В учебном пособии изложены как классические, так и авторские подходы к изучению поведения покупателя, приведены подходы к сегментации, потребительские тренды и пути их анализа, методы оценки емкости и потенциала рынка. Рассмотрено влияние парадигмальных направлений (нейромаркетинг и эмпирический маркетинг), влияние технологий мерчандайзинга на эмоциональное поведение покупателей и интернет-технологий, дистанционной торговли, позволяющих формировать потребительскую лояльность. Для студентов вузов, обучающихся по направлению подготовки «Торговое дело», а также работников предприятий торговли.
535 1_ a Хранилище ЭБС Университетская библиотека онлайн
583 a Действие Приписка : УМК
653 0_ a Ключевые слова Розничная торговля
653 0_ a Ключевые слова СПО
653 0_ a Ключевые слова Покупательское поведение
653 0_ a Ключевые слова Покупательский спрос
653 0_ a Ключевые слова Обслуживание потребителей
700 12 a Другие авторы Зверева А.О.
700 12 a Другие авторы Ильяшенко С.Б.
773 18 w Контрольный № источника 9b929dd0d24b464a8157108b9124e9cb
856 40 u URL https://biblioclub.ru/index.php?page=book&id=731148
901 t Тип документа m
905 b Дата создания записи обработка 13.03.26
c Дата приписки 01.06.26